Common errors in english : grammar exercises for Malaysians

Bibliographic Details
Main Author: Hughes, Richard
Other Authors: Heah, Carmel
Format: Book
Published: Kuala Lumpur : Penerbit Fajar Bakti Sdn.Bhd. , 1989
Subjects:

MARC

LEADER 00000cam a2200000 7i4500
001 0000008000
002 000008733
005 20000330.0
020 |a 9676522090 
090 0 0 |a 428.2   |b HUG 
100 1 |a Hughes, Richard 
245 1 0 |a Common errors in english :   |b grammar exercises for Malaysians   |c Richard Hughes and Carmel Heah 
260 |a Kuala Lumpur :   |b Penerbit Fajar Bakti Sdn.Bhd. ,   |c 1989 
300 |a 263p. :   |b ill ;   |c 21cm. 
650 0 0 |a English language   |x Grammar 
700 1 |a Heah, Carmel 
999 |a 00177282   |b BUKU   |c PINJAMAN   |e PERPUSTAKAAN KOMUNITI PETALING JAYA 
999 |a 041965   |b BUKU   |c PINJAMAN   |e PERPUSTAKAAN KOMUNITI PETALING JAYA